Podział administracyjny Rzeczypospolitej Polskiej na jednostki terytorjalne I i II instancji (województwa i powiaty wzgl. jednostki równorzędne) wraz z alfabetycznym spisem. (Rekord nr 27319)
| 000 -Nagłówek | |
|---|---|
| fixed length control field | 01244cam a2200301 i 4500 |
| 001 - Nr kontrolny bibl., która utworzyła rek. | |
| control field | xx002755791 |
| 003 - Siglum bibl., której nr kontr. jest w 001 | |
| control field | NUKAT |
| 005 - Data i czas ostatniej operacji | |
| control field | 20260328201101.0 |
| 008 - Elementy pola stałej długości | |
| fixed length control field | 130221s1923 pl g |000 0 pol c |
| 035 ## - Systemowy numer kontrolny | |
| systemowy numer kontrolny | (OCoLC)829798786 |
| 035 ## - Systemowy numer kontrolny | |
| systemowy numer kontrolny | (NUKAT)xx002755791 |
| 040 ## - Instytucja sporządzająca opis | |
| Instytucja, która sporządziła opis | LUBL KUL/ac |
| język katalgowania-trzyzn. kod | pol |
| zasady opisu | rda |
| Instytucja, która sporządziła rekord | LUBL KUL/ac |
| Instytucja, która zmodyfikowała rekord | LUBL KUL/JP |
| -- | OLSZT 008/AL |
| 245 00 - Tytuł właściwy i oznaczenie odpow. | |
| tytuł | Podział administracyjny Rzeczypospolitej Polskiej na jednostki terytorjalne I i II instancji (województwa i powiaty wzgl. jednostki równorzędne) wraz z alfabetycznym spisem. |
| 260 ## - Adres wydawniczy | |
| miejsce wydania, dystrybucji itp. | Warszawa : |
| nazwa wydawcy, dystrybutora itp. | Nakładem Ministerstwa Spraw Wewnętrznych, |
| data wydania, dystrybucji itp. | 1923 |
| miejsce druku | ([Miejsce nieznane] : |
| nazwa drukarni | Drukarnia F. Syrewicza i S-ki). |
| 300 ## - Opis fizyczny | |
| objętość i/lub forma materiału | 16 stron ; |
| format | 23 cm. |
| 336 ## - Content Type | |
| Term | Tekst |
| Code | txt |
| Source | rdacontent |
| 337 ## - Media Type | |
| Term | Bez urządzenia pośredniczącego |
| Code | n |
| Source | rdamedia |
| 338 ## - Carrier Type | |
| Term | Wolumin |
| Code | nc |
| Source | rdacarrier |
| 380 ## - Form of work | |
| Form of work | Druki ulotne |
| 500 ## - Uwaga ogólna | |
| uwaga ogólna | Opis według okładki. |
| 648 #7 - SUBJECT ADDED ENTRY--CHRONOLOGICAL TERM | |
| Chronological term | 1901-2000 |
| Source of heading or term | DBN |
| 9 (RLIN) | 34996 |
| 648 #7 - SUBJECT ADDED ENTRY--CHRONOLOGICAL TERM | |
| Chronological term | 1918-1939 |
| Source of heading or term | DBN |
| 9 (RLIN) | 36041 |
| 650 #7 - Hasło przedmiotowe-nazwa pospolita | |
| nazwa pospolita lub geogr. | Podział administracyjny |
| źródło hasła | DBN |
| 9 (RLIN) | 39147 |
| 651 #7 - Hasło przedmiotowe-nazwa geogr. | |
| nazwa geograficzna | Polska |
| źródło hasła | DBN |
| 9 (RLIN) | 35076 |
| 658 ## - Nazwa określająca cel programu nauczania | |
| główny cel programu nauczania | Polityka, politologia, administracja publiczna |
| 710 1# - Hasło dodatkowe - nazwa ciała zbior. | |
| nazwa ciała zbior. lub nazwa geogr. | Polska. |
| nazwa jednostki podrzędnej | Ministerstwo Spraw Wewnętrznych (1954-1996). |
| rodzaj współpracy | Wydawca |
| kod rodzaju współpracy | pbl |
| 9 (RLIN) | 39148 |
| 942 ## - ADDED ENTRY ELEMENTS (KOHA) | |
| Source of classification or shelving scheme | Dewey Decimal Classification |
| Koha item type | pozycje dostępne na miejscu |
| Status wycofania | Status zagubienia | Klasyfikacja | Status uszkodzenia | Blokada wypożyczeń | Kolekcja | Lokalizacja macierzysta | Lokalizacja bieżąca | Data nabycia | Numer akcesji | Nr inwentarzowy | il. wypożyczeń | Sygnatura | Kod kreskowy | Date last seen | Price effective from | Typ egz. |
|---|---|---|---|---|---|---|---|---|---|---|---|---|---|---|---|---|
| Dewey Decimal Classification | nieuszkodzona | Pracownia Badań Księgozbiorów Historycznych | Biblioteka Instytutu Północnego w Olsztynie | Pracownia Badań Księgozbiorów Historycznych | 28/03/2026 | W-197/1969 | 14867 | 14867 | IPWK20965 | 28/03/2026 | 28/03/2026 | pozycje dostępne na miejscu |